[Event "NOR-ch Elite 2019"]
[Site "Larvik"]
[Date "2019.07.06"]
[Round "2.12"]
[White "Stokke, Kjetil"]
[Black "Ingebretsen, Jens E"]
[Result "1-0"]
[WhiteElo "2336"]
[BlackElo "2276"]
[Annotator "NA RC"]
[PlyCount "119"]
[EventDate "2019.07.05"]
[EventType "swiss"]
[EventCountry "NOR"]
[SourceTitle "playchess.com"]
[Source "ChessBase"]
[SourceQuality "1"]
[TimeControl "40/5400+30:1800+30"]

1. d4 {[%emt 0:00:00]} Nf6 {[%emt 0:00:00]} 2. c4 {[%emt 0:00:00]} e6 {[%emt 0:00:00]} 3. g3 {[%emt 0:00:09]} d5 {[%emt 0:00:00]} 4. Nf3 {[%emt 0:00:05]} dxc4 {[%emt 0:00:02]} 5. Bg2 {[%emt 0:00:21]} Nc6 {[%emt 0:00:06]} 6. Qa4 {[%emt 0:00:13]} Nd7 {[%emt 0:00:05]} 7. Qxc4 {[%emt 0:00:12]} Nb6 {[%emt 0:00:05]} 8. Qb5 {[%emt 0:00:31]} a6 {[%emt 0:00:04]} 9. Qd3 {[%emt 0:00:08]} e5 {[%emt 0:00:16]} 10. Nxe5 {[%emt 0:00:41]} Nb4 {[%emt 0:00:04]} 11. Qc3 {[%emt 0:00:23]} Qxd4 {[%emt 0:00:07]} 12. Qxd4 {[%emt 0:00:14]} Nc2+ {[%emt 0:00:06]} 13. Kd1 {[%emt 0:00:10]} Nxd4 {[%emt 0:00:04]} 14. Be3 {[%emt 0:00:08]} Nb5 {[%emt 0:00:04]} 15. Nd2 {[%emt 0:00:06]} Bd6 {[%emt 0:13:05]} 16. Nd3 {[%emt 0:09:12]} Na4 {[%emt 0:08:40]} 17. b3 {[%emt 0:05:43]} Nb6 {[%emt 0:05:05]} 18. a4 {[%emt 0:01:26]} Nc3+ {[%emt 0:00:56]} 19. Kc2 {[%emt 0:00:42]} Ncd5 {[%emt 0:00:41]} 20. Bd4 {[%emt 0:00:38]} Nf6 {[%emt 0:02:49]} 21. e4 {[%emt 0:04:12]} Be7 {[%emt 0:11:49]} 22. e5 {[%emt 0:09:51]} Ng4 {[%emt 0:01:58]} 23. a5 {[%emt 0:01:05]} Nd7 {[%emt 0:01:04]} 24. h3 {[%emt 0:00:58]} Nh6 {[%emt 0:00:16]} 25. g4 {[%emt 0:00:48]} O-O {[%emt 0:03:29]} 26. f4 {[%emt 0:03:09]} Nb8 {[%emt 0:08:13]} 27. f5 {[%emt 0:05:32]} Rd8 {[%emt 0:04:59]} 28. Kc3 {[%emt 0:14:57]} Nc6 {[%emt 0:01:55]} 29. Bxc6 {[%emt 0:00:08]} bxc6 {[%emt 0:00:06]} 30. Ne4 {[%emt 0:02:18]} Rb8 {[%emt 0:08:58]} 31. Bc5 {[%emt 0:02:34]} Bh4 {[%emt 0:02:06]} 32. b4 {[%emt 0:04:52]} Rd5 {[%emt 0:03:59]} 33. Rad1 {[%emt 0:05:56]} Kh8 {[%emt 0:04:31]} 34. Nd2 {[%emt 0:02:30]} Ng8 {[%emt 0:04:00]} 35. Nf3 {[%emt 0:04:48]} Be7 {[%emt 0:01:54]} 36. Kc4 {[%emt 0:09:00]} Bd7 {[%emt 0:08:46]} 37. Bxe7 {[%emt 0:07:34]} Nxe7 {[%emt 0:00:05]} 38. Nc5 {[%emt 0:00:06]} Rd8 {[%emt 0:00:47]} 39. Rxd5 {[%emt 0:01:03]} cxd5+ {[%emt 0:01:36]} 40. Kc3 {[%emt 0:00:09]} Bb5 {[%emt 0:01:44]} 41. Nd4 {[%emt 0:31:23]} Nc6 {[%emt 0:33:25]} 42. Nxc6 {[%emt 0:00:00]} Bxc6 {[%emt 0:00:00]} 43. Kd4 {[%emt 0:00:00]} Bb5 {[%emt 0:00:00]} 44. Re1 {[%emt 0:00:00]} Kg8 {[%emt 0:00:00]} 45. e6 {[%emt 0:00:00]} Bc4 {[%emt 0:00:00]} 46. e7 {[%emt 0:00:00]} Re8 {[%emt 0:00:00]} 47. g5 {[%emt 0:00:00]} f6 {[%emt 0:00:00]} 48. g6 {[%emt 0:00:00]} hxg6 {[%emt 0:00:00]} 49. fxg6 {[%emt 0:00:00]} f5 {[%emt 0:00:00]} 50. Re5 {[%emt 0:00:00]} f4 {[%emt 0:00:00]} 51. h4 {[%emt 0:00:00]} Bb5 {[%emt 0:00:00]} 52. h5 {[%emt 0:00:00]} f3 {[%emt 0:00:00]} 53. Ke3 {[%emt 0:00:00]} Be2 {[%emt 0:00:00]} 54. Nb3 {[%emt 0:00:00]} Bd1 {[%emt 0:00:00]} 55. Nd4 {[%emt 0:00:00]} Ba4 {[%emt 0:00:00]} 56. Kxf3 {[%emt 0:00:00]} Kh8 {[%emt 0:00:00]} 57. b5 {[%emt 0:00:55]} axb5 {[%emt 0:00:00]} 58. Rxd5 {[%emt 0:00:07]} b4 {[%emt 0:00:00]} 59. Rd8 {[%emt 0:00:05]} c5 {[%emt 0:00:00]} 60. a6 {[%emt 0:00:48]} 1-0

[Event "NOR-ch Elite 2019"]
[Site "Larvik"]
[Date "2019.07.06"]
[Round "2.13"]
[White "Risting, Eivind Olav"]
[Black "Altarbosh, Ward"]
[Result "1-0"]
[WhiteElo "2314"]
[BlackElo "2202"]
[Annotator "NA"]
[PlyCount "80"]
[EventDate "2019.07.05"]
[EventType "swiss"]
[EventCountry "NOR"]
[SourceTitle "playchess.com"]
[Source "ChessBase"]
[SourceQuality "1"]
[TimeControl "40/5400+30:1800+30"]

1. d4 {[%emt 0:00:00]} d5 {[%emt 0:00:00]} 2. c4 {[%emt 0:00:00]} c6 {[%emt 0:00:00]} 3. Nc3 {[%emt 0:00:03]} Nf6 {[%emt 0:00:00]} 4. e3 {[%emt 0:00:19]} e6 {[%emt 0:00:00]} 5. Nf3 {[%emt 0:00:32]} Nbd7 {[%emt 0:00:00]} 6. Qc2 {[%emt 0:00:08]} Bd6 {[%emt 0:00:01]} 7. Bd3 {[%emt 0:00:23]} dxc4 {[%emt 0:00:17]} 8. Bxc4 {[%emt 0:00:08]} b5 {[%emt 0:00:03]} 9. Be2 {[%emt 0:00:32]} O-O {[%emt 0:00:28]} 10. O-O {[%emt 0:00:08]} Bb7 {[%emt 0:00:03]} 11. e4 {[%emt 0:00:17]} e5 {[%emt 0:00:06]} 12. dxe5 {[%emt 0:00:06]} Nxe5 {[%emt 0:00:03]} 13. Nh4 {[%emt 0:00:13]} b4 {[%emt 0:08:37]} 14. Nf5 {[%emt 0:00:22]} Neg4 {[%emt 0:14:04]} 15. Bxg4 {[%emt 0:31:53]} Nxg4 {[%emt 0:00:25]} 16. h3 {[%emt 0:08:00]} Bh2+ {[%emt 0:12:33]} 17. Kh1 {[%emt 0:00:18]} bxc3 {[%emt 0:01:19]} 18. hxg4 {[%emt 0:00:39]} Be5 {[%emt 0:00:26]} 19. f4 {[%emt 0:02:23]} Bc7 {[%emt 0:09:00]} 20. Qxc3 {[%emt 0:02:47]} Qf6 {[%emt 0:03:23]} 21. e5 {[%emt 0:13:42]} Qe6 {[%emt 0:02:43]} 22. Be3 {[%emt 0:01:15]} h5 {[%emt 0:08:14]} 23. Qb3 {[%emt 0:11:35]} Qxb3 {[%emt 0:17:48]} 24. axb3 {[%emt 0:00:16]} hxg4 {[%emt 0:00:10]} 25. Bxa7 {[%emt 0:01:10]} Rfd8 {[%emt 0:02:03]} 26. Bc5 {[%emt 0:01:10]} Ba6 {[%emt 0:06:19]} 27. Rfd1 {[%emt 0:01:47]} Rxd1+ {[%emt 0:14:45]} 28. Rxd1 {[%emt 0:00:07]} Rb8 {[%emt 0:00:33]} 29. Rd7 {[%emt 0:06:03]} Bb6 {[%emt 0:00:35]} 30. Bd6 {[%emt 0:02:35]} Bc8 {[%emt 0:00:29]} 31. Ne7+ {[%emt 0:00:53]} Kh7 {[%emt 0:00:05]} 32. Nxc8 {[%emt 0:01:09]} Rxc8 {[%emt 0:00:06]} 33. Kh2 {[%emt 0:02:19]} Kg6 {[%emt 0:00:28]} 34. Kg3 {[%emt 0:00:06]} f5 {[%emt 0:00:45]} 35. exf6 {[%emt 0:00:31]} gxf6 {[%emt 0:00:11]} 36. Kxg4 {[%emt 0:00:15]} f5+ {[%emt 0:00:17]} 37. Kf3 {[%emt 0:00:17]} Bd4 {[%emt 0:01:07]} 38. Bc7 {[%emt 0:06:21]} Bxb2 {[%emt 0:01:02]} 39. Rd6+ {[%emt 0:00:29]} Kf7 {[%emt 0:00:06]} 40. Rxc6 {[%emt 0:00:42]} Ra8 {[%emt 0:00:31] Ke4} 1-0

[Event "NOR-ch Elite 2019"]
[Site "Larvik"]
[Date "2019.07.07"]
[Round "3.1"]
[White "Hauge, Lars Oskar"]
[Black "Tari, Aryan"]
[Result "0-1"]
[WhiteElo "2476"]
[BlackElo "2620"]
[Annotator "RC"]
[PlyCount "118"]
[EventDate "2019.07.05"]
[EventType "swiss"]
[EventCountry "NOR"]
[SourceTitle "playchess.com"]
[Source "ChessBase"]
[SourceQuality "1"]
[TimeControl "40/5400+30:1800+30"]

1. f4 {[%emt 0:00:00]} d5 {[%emt 0:01:05]} 2. Nf3 {[%emt 0:00:02]} g6 {[%emt 0:00:23]} 3. g3 {[%emt 0:00:42]} c6 {[%emt 0:00:15]} 4. Bg2 {[%emt 0:02:45]} Qb6 {[%emt 0:00:21]} 5. Nc3 {[%emt 0:06:06]} Bg7 {[%emt 0:06:24]} 6. e3 {[%emt 0:12:34]} h5 {[%emt 0:03:14]} 7. d3 {[%emt 0:08:04]} Nh6 {[%emt 0:01:38]} 8. Qe2 {[%emt 0:07:00]} Bg4 {[%emt 0:09:37]} 9. Qf2 {[%emt 0:04:41]} Nd7 {[%emt 0:14:17]} 10. e4 {[%emt 0:03:58]} d4 {[%emt 0:01:29]} 11. Nd1 {[%emt 0:03:12]} e5 {[%emt 0:01:47]} 12. O-O {[%emt 0:01:46]} O-O-O {[%emt 0:06:13]} 13. a4 {[%emt 0:02:56]} Rhf8 {[%emt 0:09:45]} 14. b4 {[%emt 0:08:46]} f5 {[%emt 0:03:57]} 15. Nb2 {[%emt 0:01:27]} fxe4 {[%emt 0:02:13]} 16. Nc4 {[%emt 0:00:09]} Qc7 {[%emt 0:00:51]} 17. dxe4 {[%emt 0:00:05]} Be6 {[%emt 0:01:39]} 18. Qe2 {[%emt 0:04:59]} exf4 {[%emt 0:06:19]} 19. Bxf4 {[%emt 0:00:28]} Rxf4 {[%emt 0:00:22]} 20. gxf4 {[%emt 0:00:04]} d3 {[%emt 0:00:08]} 21. cxd3 {[%emt 0:00:00]} Bxa1 22. Rxa1 {[%emt 0:03:54]} Qxf4 {[%emt 0:02:48]} 23. e5 {[%emt 0:01:29]} Nf5 {[%emt 0:02:08]} 24. Re1 {[%emt 0:01:12]} Nb6 {[%emt 0:01:58]} 25. b5 {[%emt 0:00:57]} Nxc4 {[%emt 0:02:02]} 26. dxc4 {[%emt 0:00:04]} Qxc4 {[%emt 0:05:42]} 27. bxc6 {[%emt 0:02:55]} Qxc6 {[%emt 0:01:12]} 28. Qf2 {[%emt 0:03:15]} Bd5 {[%emt 0:06:57]} 29. e6 {[%emt 0:08:51]} Qb6 {[%emt 0:01:31]} 30. e7 {[%emt 0:02:45]} Qxf2+ {[%emt 0:01:42]} 31. Kxf2 {[%emt 0:00:03]} Re8 {[%emt 0:00:05]} 32. Rc1+ {[%emt 0:00:08]} Kb8 {[%emt 0:01:59]} 33. Ne5 {[%emt 0:00:31]} Rxe7 {[%emt 0:03:11]} 34. Nxg6 {[%emt 0:00:52]} Rd7 {[%emt 0:00:52]} 35. Bh3 {[%emt 0:05:22]} Be4 {[%emt 0:00:11]} 36. Rc5 {[%emt 0:01:54]} Rf7 {[%emt 0:01:09]} 37. Ne5 {[%emt 0:00:21]} Rc7 {[%emt 0:01:01]} 38. Nd7+ {[%emt 0:01:45]} Rxd7 {[%emt 0:01:31]} 39. Bxf5 {[%emt 0:00:04]} Bxf5 {[%emt 0:00:33]} 40. Rxf5 {[%emt 0:00:11]} Rd2+ {[%emt 0:00:28]} 41. Kg3 {[%emt 0:30:50]} h4+ {[%emt 0:03:05]} 42. Kxh4 {[%emt 0:00:00]} Rxh2+ {[%emt 0:02:14]} 43. Kg3 {[%emt 0:00:00]} Re2 {[%emt 0:00:40]} 44. Kf3 {[%emt 0:00:00]} Re1 {[%emt 0:00:58]} 45. Rh5 {[%emt 0:00:00]} Kc7 {[%emt 0:02:02]} 46. Rh6 {[%emt 0:00:00]} Ra1 {[%emt 0:02:00]} 47. Rh4 {[%emt 0:00:00]} Kb6 {[%emt 0:00:22]} 48. Rb4+ {[%emt 0:00:00]} Ka6 {[%emt 0:00:09]} 49. Ke4 {[%emt 0:00:00]} b6 {[%emt 0:00:32]} 50. Kd5 {[%emt 0:00:00]} Ka5 {[%emt 0:01:04]} 51. Rb2 {[%emt 0:00:00]} Rxa4 {[%emt 0:00:41]} 52. Kc6 {[%emt 0:00:00]} Ka6 {[%emt 0:01:32]} 53. Rc2 {[%emt 0:00:00]} b5 {[%emt 0:00:11]} 54. Kc5 {[%emt 0:00:00]} Ka5 {[%emt 0:00:08]} 55. Rc1 {[%emt 0:00:00]} Ra2 {[%emt 0:00:26]} 56. Rc3 {[%emt 0:00:00]} b4 {[%emt 0:00:26]} 57. Rc4 {[%emt 0:00:00]} b3 {[%emt 0:01:19]} 58. Rh4 {[%emt 0:00:00]} Rc2+ {[%emt 0:00:12]} 59. Kd4 {[%emt 0:00:00]} b2 {[%emt 0:00:22]} 0-1

[Event "NOR-ch Elite 2019"]
[Site "Larvik"]
[Date "2019.07.07"]
[Round "3.2"]
[White "Hammer, Jon Ludvig"]
[Black "Elsness, Frode"]
[Result "1/2-1/2"]
[WhiteElo "2637"]
[BlackElo "2436"]
[Annotator "TA"]
[PlyCount "176"]
[EventDate "2019.07.05"]
[EventType "swiss"]
[EventCountry "NOR"]
[SourceTitle "playchess.com"]
[Source "ChessBase"]
[SourceQuality "1"]

{[%evp 18,176,15,19,20,12,10,15,14,1,16,0,0,0,0,0,0,0,0,0,8,23,16,14,14,0,20,16,31,34,24,37,24,8,8,6,8,9,27,31,35,32,28,28,39,0,0,0,0,0,0,0,0,0,0,0,0,-1,3,3,10,8,9,6,6,6,8,3,3,0,1,0,8,0,0,0,0,0,0,0,0,0,0,0,0,0,0,0,0,0,0,0,0,0,0,0,0,-7,8,14,38,38,38,38,38,38,43,43,43,43,43,43,43,43,43,43,43,43,43,43,44,31,31,31,29,31,43,43,44,28,28,0,0,0,0,0,0,0,0,0,0,0,0,0,0,0,0,0,0,0,0,0,0,0,0,0,0,0,0,0,0]} 1. e4 e5 2. Nf3 Nc6 3. Bb5 Nf6 4. O-O Nxe4 5. Re1 Nd6 6. Nxe5 Be7 7. Bf1 Nxe5 8. Rxe5 O-O 9. d4 Bf6 10. Re1 Re8 {C67: Ruy Lopez: Berlin Defence: 4 0-0 Nxe4} 11. Rxe8+ Nxe8 12. d5 b6 13. a4 $146 ({Predecessor:} 13. Nd2 Bb7 14. Ne4 Be7 15. c3 Nd6 16. Ng3 Bg5 17. c4 Rc8 18. b3 Qf6 19. Bxg5 Qxg5 20. Qd4 Re8 21. Rd1 Nf5 22. Nxf5 Qxf5 23. Bd3 Qe5 {½-½ (23) So,W (2765)-Nakamura,H (2746) Kolkata 2018}) 13... a5 14. Nd2 Nd6 15. Nf3 Bb7 16. Ra3 Qf8 17. Re3 Re8 18. b3 Nf5 19. Rxe8 Qxe8 20. Qd3 g6 21. Bd2 Qe7 22. Qc4 c6 23. Qf4 Qd8 24. Bd3 Ng7 25. Qh6 cxd5 26. Ng5 Bxg5 $1 27. Qxg5 f6 28. Qf4 Ne6 29. Qd6 {[%mdl 1024] White has compensation.} Bc6 30. Be3 d4 31. Bh6 Qc7 $1 {[%cal Rc7d6]} 32. Qe7 {[#] White threatens Qe8+ and mate.} Qd8 33. Qd6 {With the idea Bc4.} Qc7 $1 {[%cal Rc7d6]} 34. Qe7 {Intending Qe8+ and mate.} Qd8 35. Qxd8+ Nxd8 $11 {[%mdl 4096] Endgame KBB-KBN} 36. Bf4 {And now Bc7 would win.} Ne6 37. Bd6 Kf7 38. f3 Bd5 39. Kf2 Ke8 40. Ke2 Kd8 41. h4 Nc5 42. h5 (42. Kd2 {is interesting.} Bc6 43. Bb8 Ne6 44. Bc4 Bb7 45. Bd6) 42... Nxd3 43. Kxd3 gxh5 44. Kxd4 {KB-KB} Bf7 45. Bg3 Bg6 46. Kc3 Kc8 47. Bh4 f5 48. Bg3 Kb7 49. Bf4 Kc6 50. Kd4 d6 51. Bg5 Kd7 52. Kc4 Kc6 53. Bd8 Bf7+ 54. Kd4 Bg6 55. Ke3 Kb7 56. Kf4 Kc6 57. c3 Bf7 58. b4 $1 Bb3 59. bxa5 bxa5 60. Kxf5 Bxa4 61. Bxa5 Bb5 62. Kg5 Bf1 63. g3 Be2 64. f4 Kd7 65. Kf6 Bd3 66. Bb6 Bc2 67. Bd4 Bd3 68. Be3 Bc2 69. f5 Bd3 70. Bh6 Bc2 71. Bf8 Bd3 72. Kg5 Bc2 73. f6 Ke6 74. Bxd6 Kxd6 {KB-K3P. The position is equal.} 75. Kh6 Ke6 76. Kg7 {[#] Threatens to win with f7.} Bg6 77. c4 Be8 (77... Bf7 $5) 78. Kf8 Bg6 (78... Bf7 $5 79. Kg7 $8 Bg6 $11) 79. Kg7 Be8 (79... Bf7 $5) 80. c5 Bg6 81. c6 Kd6 82. f7 Bxf7 $1 83. Kxf7 {White wants to mate with Kg7.} Kxc6 {KPP-KP} 84. Kg7 Kd5 85. Kh6 Ke4 86. Kxh5 Kf3 87. g4 h6 88. Kxh6 {Threatening mate with g5.} Kxg4 {Accuracy: White = 67%, Black = 82%.} 1/2-1/2

[Event "NOR-ch Elite 2019"]
[Site "Larvik"]
[Date "2019.07.07"]
[Round "3.3"]
[White "Urkedal, Frode Olav Olsen"]
[Black "Holm, Kristian Stuvik"]
[Result "1/2-1/2"]
[WhiteElo "2566"]
[BlackElo "2469"]
[Annotator "ChessBase"]
[PlyCount "57"]
[EventDate "2019.07.05"]
[EventType "swiss"]
[EventCountry "NOR"]
[SourceTitle "playchess.com"]
[Source "ChessBase"]
[SourceQuality "1"]
[TimeControl "40/5400+30:1800+30"]

1. c4 {[%emt 0:00:00]} c5 {[%emt 0:01:34]} 2. Nf3 {[%emt 0:04:40]} Nf6 {[%emt 0:00:13]} 3. Nc3 {[%emt 0:03:06]} Nc6 {[%emt 0:00:38]} 4. g3 {[%emt 0:02:17]} d5 {[%emt 0:01:23]} 5. cxd5 {[%emt 0:00:44]} Nxd5 {[%emt 0:00:05]} 6. Bg2 {[%emt 0:00:05]} g6 {[%emt 0:00:06]} 7. d3 {[%emt 0:12:03]} Bg7 {[%emt 0:01:07]} 8. Bd2 {[%emt 0:00:14]} O-O {[%emt 0:00:29]} 9. h4 {[%emt 0:01:47]} c4 {[%emt 0:15:45]} 10. d4 {[%emt 0:20:31]} Nxc3 {[%emt 0:03:24]} 11. Bxc3 {[%emt 0:04:33]} Be6 {[%emt 0:00:15]} 12. Qc2 {[%emt 0:19:03]} Qb6 {[%emt 0:12:49]} 13. e3 {[%emt 0:08:49]} Nb4 {[%emt 0:04:20]} 14. Bxb4 {[%emt 0:01:06]} Qxb4+ {[%emt 0:00:07]} 15. Nd2 {[%emt 0:00:07]} Rac8 {[%emt 0:00:45]} 16. Qc3 {[%emt 0:02:46]} Qb5 {[%emt 0:02:57]} 17. O-O {[%emt 0:00:29]} Bd5 {[%emt 0:10:43]} 18. a4 {[%emt 0:01:45]} Qd7 {[%emt 0:00:51]} 19. Bxd5 {[%emt 0:01:28]} Qxd5 {[%emt 0:00:05]} 20. f4 {[%emt 0:00:13]} Rfd8 {[%emt 0:01:06]} 21. Rac1 {[%emt 0:00:31]} e5 {[%emt 0:03:15]} 22. fxe5 {[%emt 0:02:20]} Bxe5 {[%emt 0:00:33]} 23. dxe5 {[%emt 0:00:31]} Qxd2 {[%emt 0:00:17]} 24. Rf4 {[%emt 0:01:26]} Qxc3 {[%emt 0:02:10]} 25. Rxc3 {[%emt 0:00:15]} Rd5 {[%emt 0:01:45]} 26. Rcxc4 {[%emt 0:01:20]} Rxc4 {[%emt 0:00:05]} 27. Rxc4 {[%emt 0:00:11]} Rxe5 {[%emt 0:00:09]} 28. Kf2 {[%emt 0:01:45]} b5 {[%emt 0:00:22]} 29. axb5 {[%emt 0:00:23]} 1/2-1/2

[Event "NOR-ch Elite 2019"]
[Site "Larvik"]
[Date "2019.07.07"]
[Round "3.4"]
[White "Haldorsen, Benjamin"]
[Black "Notkevich, Benjamin Arvola"]
[Result "1/2-1/2"]
[WhiteElo "2444"]
[BlackElo "2497"]
[Annotator "ChessBase"]
[PlyCount "78"]
[EventDate "2019.07.05"]
[EventType "swiss"]
[EventCountry "NOR"]
[SourceTitle "playchess.com"]
[Source "ChessBase"]
[SourceQuality "1"]
[TimeControl "40/5400+30:1800+30"]

1. c4 {[%emt 0:00:00]} c5 {[%emt 0:00:00]} 2. Nc3 {[%emt 0:00:08]} g6 {[%emt 0:00:00]} 3. g3 {[%emt 0:00:34]} Bg7 {[%emt 0:00:00]} 4. Bg2 {[%emt 0:00:04]} Nc6 {[%emt 0:00:00]} 5. b3 {[%emt 0:00:20]} e6 {[%emt 0:00:24]} 6. Ba3 {[%emt 0:05:05]} Qa5 {[%emt 0:01:45]} 7. Qc1 {[%emt 0:05:18]} Nge7 {[%emt 0:08:58]} 8. h4 {[%emt 0:13:54]} h6 {[%emt 0:13:37]} 9. Bb2 {[%emt 0:09:14]} O-O {[%emt 0:02:51]} 10. Ne4 {[%emt 0:09:27]} e5 {[%emt 0:01:54]} 11. Bc3 {[%emt 0:01:12]} Qb6 {[%emt 0:00:25]} 12. Nd6 {[%emt 0:00:54]} Nb4 {[%emt 0:26:51]} 13. Nxc8 {[%emt 0:02:12]} Raxc8 {[%emt 0:00:04]} 14. a3 {[%emt 0:01:16]} Nbc6 {[%emt 0:05:57]} 15. Rb1 {[%emt 0:00:02]} Rfd8 {[%emt 0:01:03]} 16. h5 {[%emt 0:03:28]} g5 {[%emt 0:00:33]} 17. e4 {[%emt 0:01:21]} Nd4 {[%emt 0:03:57]} 18. Ne2 {[%emt 0:01:27]} Qe6 {[%emt 0:00:41]} 19. d3 {[%emt 0:04:02]} b5 {[%emt 0:02:59]} 20. Nxd4 {[%emt 0:01:53]} cxd4 {[%emt 0:00:47]} 21. Ba5 {[%emt 0:00:09]} Re8 {[%emt 0:00:42]} 22. O-O {[%emt 0:02:06]} Kh8 {[%emt 0:07:10]} 23. Qd1 {[%emt 0:08:18]} Rb8 {[%emt 0:00:48]} 24. Kh2 {[%emt 0:03:22]} Nc6 {[%emt 0:05:46]} 25. Bh3 {[%emt 0:05:58]} Qe7 {[%emt 0:00:09]} 26. Bb4 {[%emt 0:01:21]} Nxb4 {[%emt 0:03:31]} 27. axb4 {[%emt 0:00:05]} bxc4 {[%emt 0:02:36]} 28. bxc4 {[%emt 0:00:04]} Rxb4 {[%emt 0:00:16]} 29. Rxb4 {[%emt 0:01:53]} Qxb4 {[%emt 0:00:07]} 30. Bxd7 {[%emt 0:01:24]} Rb8 {[%emt 0:00:08]} 31. Bb5 {[%emt 0:00:40]} Bf8 {[%emt 0:05:44]} 32. Qf3 {[%emt 0:00:53]} Qe7 {[%emt 0:02:11]} 33. Ra1 {[%emt 0:00:31]} Rb6 {[%emt 0:00:20]} 34. Kg2 {[%emt 0:02:28]} Rf6 {[%emt 0:01:39]} 35. Rxa7 {[%emt 0:04:06]} Rxf3 {[%emt 0:02:25]} 36. Rxe7 {[%emt 0:00:05]} Rxf2+ {[%emt 0:00:56]} 37. Kxf2 {[%emt 0:00:06]} Bxe7 {[%emt 0:00:02]} 38. Ke2 {[%emt 0:01:17]} Kg7 {[%emt 0:00:13]} 39. g4 {[%emt 0:00:33]} Kf6 {[%emt 0:01:10]} 1/2-1/2

[Event "NOR-ch Elite 2019"]
[Site "Larvik"]
[Date "2019.07.07"]
[Round "3.5"]
[White "Haug, Johannes"]
[Black "Mikalsen, Erlend"]
[Result "1/2-1/2"]
[WhiteElo "2431"]
[BlackElo "2404"]
[Annotator "NA"]
[PlyCount "50"]
[EventDate "2019.07.05"]
[EventType "swiss"]
[EventCountry "NOR"]
[SourceTitle "playchess.com"]
[Source "ChessBase"]
[SourceQuality "1"]
[TimeControl "40/5400+30:1800+30"]

1. e4 {[%emt 0:00:00]} c5 {[%emt 0:11:41]} 2. Nf3 {[%emt 0:00:00]} d6 {[%emt 0:00:22]} 3. Bb5+ {[%emt 0:00:00]} Nd7 {[%emt 0:00:03]} 4. c3 {[%emt 0:00:01]} Ngf6 {[%emt 0:00:05]} 5. Qe2 {[%emt 0:00:05]} a6 {[%emt 0:06:07]} 6. Ba4 {[%emt 0:00:59]} b5 {[%emt 0:03:46]} 7. Bc2 {[%emt 0:00:27]} Bb7 {[%emt 0:01:29]} 8. d4 {[%emt 0:00:29]} e6 {[%emt 0:00:42]} 9. a4 {[%emt 0:00:37]} b4 {[%emt 0:02:35]} 10. a5 {[%emt 0:08:06]} bxc3 {[%emt 0:06:01]} 11. bxc3 {[%emt 0:02:18]} Qc7 {[%emt 0:02:30]} 12. O-O {[%emt 0:12:29]} Be7 {[%emt 0:00:38]} 13. Bf4 {[%emt 0:15:30]} Nh5 {[%emt 0:06:13]} 14. Be3 {[%emt 0:01:55]} Nhf6 {[%emt 0:04:12]} 15. Bf4 {[%emt 0:07:13]} Nh5 {[%emt 0:01:28]} 16. Bc1 {[%emt 0:06:32]} Nhf6 {[%emt 0:01:56]} 17. Bd3 {[%emt 0:02:37]} O-O {[%emt 0:00:52]} 18. Nbd2 {[%emt 0:00:55]} Rfe8 {[%emt 0:03:36]} 19. Re1 {[%emt 0:06:19]} Nf8 {[%emt 0:01:56]} 20. Nf1 {[%emt 0:07:20]} Ng6 {[%emt 0:00:50]} 21. Ng3 {[%emt 0:00:27]} Bf8 {[%emt 0:07:06]} 22. Bg5 {[%emt 0:08:06]} Nd7 {[%emt 0:03:20]} 23. Be3 {[%emt 0:00:30]} Nf6 {[%emt 0:05:05]} 24. Bg5 {[%emt 0:01:37]} Nd7 {[%emt 0:00:13]} 25. Be3 {[%emt 0:00:09]} Nf6 {[%emt 0:00:31]} 1/2-1/2